<The> wrath of nations civilization and the furies of nationalism

Na minha lista:
Detalhes bibliográficos
Autor principal: Pfaff, William
Formato: Livro
Idioma:inglês
Publicado em: New York Simon and Schuster 1993
Assuntos:
Tags: Adicionar Tag
Sem tags, seja o primeiro a adicionar uma tag!

MARC

LEADER 00000nam a2200000 4500
001 c100680
005 20221214084131.8
020 |a 0-671-72829-6 
041 0 |a eng 
044 |a US 
245 1 0 |a <The> wrath of nations  |b civilization and the furies of nationalism  |c William Pfaff 
264 1 |a New York  |b Simon and Schuster  |c 1993 
300 |a 256 s. 
610 2 0 |a nacionalizmus 
610 2 0 |a civilizácia 
610 2 0 |a politika medzinárodná 
610 2 0 |a politika národnostná 
610 2 0 |a politika svetová 
100 1 |a Pfaff, William